Detalles MARC
| 000 -CABECERA |
| Longitud fija campo de control |
01722nam a2200409 c 4500 |
| 001 - NÚMERO DE CONTROL |
| Número de control |
14204 |
| 003 - IDENTIFICADOR DE NÚMERO DE CONTROL |
| Identificador del número de control |
ES-MaCES |
| 005 - FECHA Y HORA DE LA ÚLTIMA TRANSACCIÓN |
| Fecha y hora de la última transacción |
20250121040009.0 |
| 008 - CAMPO FIJO DE DESCRIPCIÓN FIJA--INFORMACIÓN GENERAL |
| Códigos de información de longitud fija |
021021s2001 sp t o100 | spa d |
| 017 ## - NÚMERO DE REGISTRO DE DERECHOS DE AUTOR Y DEPÓSITO LEGAL |
| Número de copyright o de depósito legal |
M 16922-2001 |
| Agencia que asigna el número |
DL |
| 024 7# - OTROS IDENTIFICADORES |
| Número normalizado o código |
207-01-009-5 |
| Fuente del número o código |
nipo |
| 035 ## - NÚMERO DE CONTROL DEL SISTEMA |
| Número de control del sistema |
CES20020014005m |
| 040 ## - FUENTE DE CATALOGACIÓN |
| Centro catalogador de origen |
ES-MaCES |
| Lengua de catalogación |
spa |
| Centro transcriptor |
ES-MaCES |
| 245 00 - MENCIÓN DE TÍTULO |
| Título |
Resultados de las Sesiones especiales de la Asamblea General de Naciones Unidas |
| Resto del título |
: [La Mujer en el Año 2000 ; Cumbre Mundial de Desarrollo Social] |
| 260 ## - PUBLICACIÓN, DISTRIBUCIÓN, ETC (PIE DE IMPRENTA) |
| Lugar de publicación, distribución, etc. |
Madrid |
| Nombre del editor, distribuidor, etc. |
Instituto de la Mujer |
| Fecha de publicación, distribución, etc. |
2001 |
| 300 ## - DESCRIPCIÓN FÍSICA |
| Extensión |
167 p. |
| Dimensiones |
20 cm |
| 490 0# - MENCIÓN DE SERIE |
| Mención de serie |
Serie Documentos |
| Designación de volumen o secuencia |
34 |
| 500 ## - NOTA GENERAL |
| Nota general |
Subtít. tomado de la cub |
| 500 ## - NOTA GENERAL |
| Nota general |
Hace un balance de dos periodos de Sesiones Especiales de la Asamblea General (XXIII y XXIV período de sesiones), que evalúan la IV Conferencia Mundial sobre la Mujer (Beijing) y la Cumbre Mundial sobre Desarrollo Social (Copenhague) |
| 541 ## - NOTA DE LA FUENTE INMEDIANTE DE ADQUISICIÓN |
| Forma de adquisición |
Gratuito |
| 650 #4 - ASIENTO SECUNDARIO DE MATERIA--TÉRMINO DE MATERIA |
| Término de materia o nombre geográfico como elemento inicial |
mujeres |
| 9 (RLIN) |
28657 |
| 650 #4 - ASIENTO SECUNDARIO DE MATERIA--TÉRMINO DE MATERIA |
| Término de materia o nombre geográfico como elemento inicial |
derechos de la mujer |
| 9 (RLIN) |
27173 |
| 650 #4 - ASIENTO SECUNDARIO DE MATERIA--TÉRMINO DE MATERIA |
| Término de materia o nombre geográfico como elemento inicial |
potenciación de las mujeres |
| 9 (RLIN) |
30610 |
| 650 #4 - ASIENTO SECUNDARIO DE MATERIA--TÉRMINO DE MATERIA |
| Término de materia o nombre geográfico como elemento inicial |
igualdad de oportunidades |
| 9 (RLIN) |
27183 |
| 650 #4 - ASIENTO SECUNDARIO DE MATERIA--TÉRMINO DE MATERIA |
| Término de materia o nombre geográfico como elemento inicial |
desarrollo social |
| 9 (RLIN) |
29239 |
| 650 #4 - ASIENTO SECUNDARIO DE MATERIA--TÉRMINO DE MATERIA |
| Término de materia o nombre geográfico como elemento inicial |
asamblea general |
| 9 (RLIN) |
26713 |
| 650 #4 - ASIENTO SECUNDARIO DE MATERIA--TÉRMINO DE MATERIA |
| Término de materia o nombre geográfico como elemento inicial |
conferencia |
| 9 (RLIN) |
27013 |
| 650 #4 - ASIENTO SECUNDARIO DE MATERIA--TÉRMINO DE MATERIA |
| Término de materia o nombre geográfico como elemento inicial |
evaluación |
| 9 (RLIN) |
28893 |
| 653 10 - TÉRMINO DE INDEXACIÓN--NO CONTROLADO |
| Término no controlado |
Mujer |
| 710 2# - ENCABEZAMIENTO SECUNDARIO--NOMBRE CORPORATIVO |
| Nombre de entidad o nombre de jurisdicción como elemento inicial |
Instituto de la Mujer (España) |
| Término indicativo de función |
ed. |
| 9 (RLIN) |
4190 |
| 710 2# - ENCABEZAMIENTO SECUNDARIO--NOMBRE CORPORATIVO |
| Nombre de entidad o nombre de jurisdicción como elemento inicial |
Naciones Unidas |
| Unidad subordinada |
Asamblea General |
| -- |
Período de Sesiones |
| Número del congreso o número de parte o sección de la obra |
23º |
| Fecha del congreso o de la firma de un tratado |
2000 |
| Sede del congreso |
Nueva York |
| 9 (RLIN) |
4568 |
| 710 2# - ENCABEZAMIENTO SECUNDARIO--NOMBRE CORPORATIVO |
| Nombre de entidad o nombre de jurisdicción como elemento inicial |
Naciones Unidas |
| Unidad subordinada |
Asamblea General |
| -- |
Período de Sesiones |
| Número del congreso o número de parte o sección de la obra |
24º |
| Fecha del congreso o de la firma de un tratado |
2000 |
| Sede del congreso |
Nueva York |
| 9 (RLIN) |
4569 |
| 830 #0 - ENCABEZAMIENTO SECUNDARIO DE COLECCIÓN--TÍTULO UNIFORME |
| Título uniforme |
Serie Documentos (Instituto de la Mujer (España)) |
| Designación de volumen o secuencia |
34 |
| 9 (RLIN) |
32068 |
| 902 ## - CES. TIPO DE DOCUMENTO |
| Tipodoc (006$c Sirtex) |
LIB Libro |
| 942 ## - ELEMENTOS KOHA |
| Fuente de clasificaión o esquema |
Clasificación propia del CES |
| Koha [por defecto] tipo de item |
Monografías |
| Parte de clasificación |
3.3. |